| 000 | 00000nam##2200000za#4500 |
| 001 | 9.644404 |
| 003 | CaOODSP |
| 005 | 20250506145324 |
| 007 | ta |
| 008 | 150407|1991||||xxc||||| f|0| 0 eng|d |
| 020 | |a0-662-18826-8 |
| 040 | |aCaOODSP|beng |
| 043 | |an-cn--- |
| 086 | 1 |aA53-1868/1991E |
| 110 | 1 |aCanada.|bAgriculture Canada. |
| 245 | 10|aSoil landscapes of Canada : |bprocedures manual and user's handbook / |c[by] J.A. Shields ... [et al.] |
| 260 | |aOttawa - Ontario : |bAgriculture Canada |c1991. |
| 300 | |a74p. : |bfigs., references ; |c23 cm. |
| 563 | |aSoftcover |
| 590 | |a91-49|b1991-12-06 |
| 720 | 1 |aShields, J. A. |
| 775 | 08|tPédo-paysages du Canada : |w(CaOODSP)9.678820 |
| 776 | 0#|tSoil landscapes of Canada : |w(CaOODSP)9.700472 |
| 986 | |aLand Resource Research Institute. Contribution, 88-29; Publication 1868/E |